00322nam a22001097a 4500020000700000040001600007082001800023100001800041245007500059260004100134300003700175 qPB cFIZZA ISHAQ a620.0042bLAN a Lang, Kevin. aAutoCAD Tutor for Engineering Graphics: 2013 and Beyond /cKevin Lang. aNew York:b Cengage Learning,c2013. a1146 . ;c 8.5 x 1.5 x 11 inches